Batman Movies - Statistics

General Stats
  • This quiz has been taken 116 times
  • The average score is 7 of 8
Answer Stats
year film % Correct
1989 Batman
100%
2005 Batman Begins
96%
1992 Batman Returns
94%
1997 Batman & Robin
93%
2008 The Dark Knight
93%
2012 The Dark Knight Rises
91%
1995 Batman Forever
86%
1993 Batman: Mask of the Phantasm
31%
No matching quizzes found
Score Distribution
Percent of People with Each Score
Percentile by Number Answered
Your Score History
You have not taken this quiz